| 000 | 00552nam a2200193Ia 4500 | ||
|---|---|---|---|
| 008 | 151119s9999||||xx |||||||||||||| ||und|| | ||
| 082 | _a613.1 | ||
| 082 | _bGKKV27277 | ||
| 100 | _aकुलकर्णी अनिल | ||
| 245 | _aवायु प्रदुषण | ||
| 260 | _a-- | ||
| 260 | _b-- | ||
| 260 | _c0 | ||
| 600 | _aकुलकर्णी अनिल | ||
| 630 | _aवायु प्रदुषण | ||
| 700 | _aकुलकर्णी अनिल | ||
| 730 | _aवायु प्रदुषण | ||
| 942 | _cBOOK | ||
| 999 |
_c1079720 _d1079717 |
||